Statistiques concernant Meilleurs Buteurs de l'histoire du RC LENS depuis 1950

Cliquez ici pour prendre le quiz!

Statistiques générales

  • Ce quiz a été pris 24 fois
  • Le résultat moyen est 13 sur 60

Statistiques - réponses

butsréponses% Correct
36 buts ( en cours)Florian Sotoca
83%
21 butsLoïs Openda
83%
21 butsSeko Fofana
67%
40 butsTony Vairelles
67%
23 butsEric Sikora
56%
39 butsAruna Dindane
50%
53 butsDaniel Moreira
50%
48 butsRoger Boli
50%
22 butsVladimir Smicer
44%
124 butsAhmed Oudjani
39%
41 butsChérif Oudjani
39%
23 butsSeydou Keita
39%
26 butsAntoine Sibierski
33%
43 butsDaniel Cousin
33%
27 butsPascal Nouma
33%
35 butsToifilou Maoulida
33%
35 butsCristian López
28%
33 butsJohn Utaka
28%
22 butsPierre Laigle
28%
35 butsYoann Touzghar
28%
21 butsArnaud Kalimuendo
22%
32 butsBernard Lech
22%
46 butsFrançois Brisson
22%
21 butsFrédéric Déhu
22%
79 butsGeorges Lech
22%
35 butsIssam Jemâa
22%
25 butsOlivier Thomert
22%
22 butsPablo Chavarría
22%
59 butsPhilippe Vercruysse
22%
43 butsDaniel Xuereb
17%
23 butsFrédéric Meyrieu
17%
105 butsMaryan Wisniewski
17%
66 butsEgon Jönsson
11%
40 butsJoachim Marx
11%
22 butsLamine Sakho
11%
48 butsPascal Françoise
11%
25 butsBernard Placzek
6%
56 butsFarès Bousdira
6%
22 butsGuy Sénac
6%
68 butsJean Deloffre
6%
41 butsJean-Marie Courtin
6%
38 butsJean-Marie Elie
6%
22 butsJoël Tiéhi
6%
61 butsMichel Lafranceschina
6%
25 butsPaul Courtin
6%
28 butsRichard Krawczyk
6%
21 butsVénancio Ramos
6%
27 butsAlfred Kaiser
0%
25 butsCasimir Zuraczek
0%
26 butsErich Habitzl
0%
28 butsEric William Njo-Léa
0%
21 butsEugeniusz Faber
0%
25 butsFrançois Ludo
0%
31 butsJean Lewandowski
0%
29 butsJulien Stopyra
0%
63 butsMichel Stievenard
0%
33 butsRomain Argyroudis
0%
27 butsThéodore Szkudlapski
0%
32 butsWim van Lent
0%
24 butsYves Ehrlacher
0%

Distribution des résultats

Percentile par nombre de réponses

% des personnes avec chaque résultat

Votre développement - résultats

Vous n’avez pas pris ce quiz